000 00451cam a2200193 4500
001 D8617
008 090401t1969 xxu||||| |||| 00| 0 eng d
035 _a(Sirsi) u14151
041 _aeng
050 _a692.5
100 _aSeeley, Ivor Hugh
245 _aBuilding quantities explained
250 _aSI Metric
260 _aLondon
_bMacmillan and Co
_c1969
300 _axiii. 299p. 24cm
350 _a2.25
942 _n0
948 _c04/03/1997
999 _c87150
_d87150